Global "perestroika" (Запись № 10434337)

Подробности
000 -МАРКЕР
контрольное поле 01798nam0a2200373 4500
001 - ИДЕНТИФИКАТОР ЗАПИСИ
контрольное поле RU\NLR\BIBL_A\010863805
005 - ИДЕНТИФИКАТОР ВЕРСИИ
контрольное поле 20260405223415.0
010 ## - МЕЖДУНАРОДНЫЙ СТАНДАРТНЫЙ НОМЕР КНИГИ (ISBN)
Номер (ISBN) 978-5-7777-0595-2
Тираж 300
021 ## - НОМЕР ГОСУДАРСТВЕННОЙ РЕГИСТРАЦИИ
Код страны российская федерация
Номер 2015-71612
Номер Листа государственной регистраци 4291
035 ## - ДРУГИЕ СИСТЕМНЫЕ НОМЕРА
Идентификатор записи (NLR Aleph) 010863805
100 ## - ДАННЫЕ ОБЩЕЙ ОБРАБОТКИ
Данные общей обработки 20151019d2015 |||y0rusy50 ca
101 1# - ЯЗЫК РЕСУРСА
Язык текста, звукозаписи и т.д. английский
Язык оригинала русский
102 ## - СТРАНА ПУБЛИКАЦИИ ИЛИ ПРОИЗВОДСТВА
Страна публикации российская федерация
105 ## - ПОЛЕ КОДИРОВАННЫХ ДАННЫХ: ТЕКСТОВЫЕ МАТЕРИАЛЫ, МОНОГРАФИЧЕСКИЕ
Кодированные данные о монографическом текстовом документе ab||z|||000yy
200 1# - ЗАГЛАВИЕ И СВЕДЕНИЯ ОБ ОТВЕТСТВЕННОСТИ
Основное заглавие Global "perestroika"
Сведения, относящиеся к заглавию transformations of the world order
Первые сведения об ответственности [S.A. Afontsev, A.G. Arbatov, N.K. Arbatova et al.]
Последующие сведения об ответственности ed. by Alexander A. Dynkin, Natalya I. Ivanova
-- [transl. from Russian by Margret Sutterwaite et al.]
-- Inst. of world economy a. intern. relations (IMEMO)
210 ## - ПУБЛИКАЦИЯ, РАСПРОСТРАНЕНИЕ И ДР.
Место издания, распространения и т.д. Moscow
Имя издателя, распространителя и т. д. Ves mir
Дата издания, распространения и т.д. 2015
215 ## - ФИЗИЧЕСКАЯ ХАРАКТЕРИСТИКА
Специфическое обозначение материала и объем 544 с.
Другие сведения о физической характеристике ил., карт.
Размеры 22
300 ## - ОБЩИЕ ПРИМЕЧАНИЯ
Текст примечания Авт. указаны на обороте тит. л.
320 ## - ПРИМЕЧАНИЯ О НАЛИЧИИ В ДОКУМЕНТЕ БИБЛИОГРАФИИ / УКАЗАТЕЛЯ
Текст примечания Библиогр. в подстроч. примеч.
541 1# - ПЕРЕВОД ЗАГЛАВИЯ, СДЕЛАННЫЙ КАТАЛОГИЗАТОРОМ
Заглавие Глобальная "Перестройка" Трансформация мирового порядка.
606 1# - НАИМЕНОВАНИЕ ТЕМЫ КАК ПРЕДМЕТ
Наименование темы Мировое хозяйство
Системный номер авторитетной/нормативной записи 1186934
Идентификатор авторитетной/нормативной записи RU\NLR\AUTH\66160660
606 1# - НАИМЕНОВАНИЕ ТЕМЫ КАК ПРЕДМЕТ
Наименование темы Социально-экономическое развитие
Тематический подзаголовок Управление
Системный номер авторитетной/нормативной записи 2172504
Идентификатор авторитетной/нормативной записи RU\NLR\AUTH\661306764
686 1# - ИНДЕКСЫ ДРУГИХ КЛАССИФИКАЦИЙ
Индекс У03(0)
686 1# - ИНДЕКСЫ ДРУГИХ КЛАССИФИКАЦИЙ
Индекс У21(0)
701 #1 - ИМЯ ЛИЦА - АЛЬТЕРНАТИВНАЯ ОТВЕТСТВЕННОСТЬ
Начальный элемент ввода Afoncev
Часть имени, кроме начального элемента ввода S.A.
Даты 1973-
Расширение инициалов личного имени Sergej Aleksandrovič
701 #1 - ИМЯ ЛИЦА - АЛЬТЕРНАТИВНАЯ ОТВЕТСТВЕННОСТЬ
Материалы, к которым относится поле rus
Графика поля Латинская
Начальный элемент ввода Arbatov
Часть имени, кроме начального элемента ввода A. G.
Даты 1951-
Расширение инициалов личного имени Aleksej Georgievič
Идентификатор авторитетной/нормативной записи RU\NLR\AUTH\77101594
Системный номер авторитетной/нормативной записи 84520
701 #1 - ИМЯ ЛИЦА - АЛЬТЕРНАТИВНАЯ ОТВЕТСТВЕННОСТЬ
Начальный элемент ввода Arbatova
Часть имени, кроме начального элемента ввода N. K.
Расширение инициалов личного имени Nadežda Konstantinovna
702 #1 - ИМЯ ЛИЦА - ВТОРИЧНАЯ ОТВЕТСТВЕННОСТЬ
Начальный элемент ввода Dynkin
Часть имени, кроме начального элемента ввода A. A.
Даты 1948-
Расширение инициалов личного имени Aleksandr Aleksandrovič
Код отношения Редактор
712 02 - НАИМЕНОВАНИЕ ОРГАНИЗАЦИИ - ВТОРИЧНАЯ ОТВЕТСТВЕННОСТЬ
Код отношения Прочие
Графика поля Латинская
Материалы, к которым относится поле eng
Начальный элемент ввода Primakov institute of world economy and international relations
Идентифицирующий признак Moscow
Системный номер авторитетной/нормативной записи 500142
Идентификатор авторитетной/нормативной записи RU\NLR\AUTH\880417525
942 ## - ДОПОЛНИТЕЛЬНЫЕ ЭЛЕМЕНТЫ ЗАПИСИ (АБИС)
Тип экземпляра АБИС Книга
980 ## - КОЛЛЕКЦИЯ
Название коллекции Национальная библиография
Экземпляры
Тип экземпляра Дата поступления Источник поступления Библиотека постоянного хранения Библиотека текущего хранения Место хранения Шифр хранения Штрих-код Статус не для выдачи Стоимость
Книга 19.10.2015 Обязательный экземпляр РНБ (Московский) РНБ (Московский) Иностранный книжный фонд Ик 2015-5/529 1-1162504    
Книга 19.10.2015 Обязательный экземпляр РНБ (Московский) РНБ (Московский) Обменный фонд, иностранный   1-1162505   85.00